Nombres premiers - une minute sprint - Statistiques

Statistiques générales
  • Ce quiz a été pris 98 fois
  • Le résultat moyen est 22 sur 56
Statistiques - réponses
# % Correct
11
99%
13
99%
17
99%
2
99%
3
99%
5
99%
7
99%
19
97%
23
96%
29
96%
31
94%
37
94%
41
85%
43
77%
47
73%
53
68%
59
59%
61
58%
67
54%
71
49%
73
46%
79
45%
83
44%
89
40%
97
32%
101
28%
103
24%
107
22%
109
22%
113
19%
127
15%
131
14%
137
14%
139
10%
149
9%
151
8%
157
8%
163
8%
167
6%
173
5%
179
5%
181
5%
191
5%
193
5%
197
5%
199
5%
211
5%
223
4%
227
4%
229
4%
233
4%
239
4%
241
3%
251
3%
257
1%
263
1%
Aucun quiz correspondant
Distribution des résultats
% des personnes avec chaque résultat
Percentile par nombre de réponses
Votre historique - résultats
Vous n’avez pas pris ce quiz